00346nam a2200133Ia 4500008004100000020001800041041000800059082000800067100001900075245005400094250001200148260004000160650001200200260624s2022 xx 000 0 und d a9789354655050 aeng a611 aKapoor Kanchan aInderbir Singhs Textbook of CLinical Neuroanatomy a11th ed bJaypee Brothers Med. Pub.2022c2022 aAnatomy